01498cam a22003134a 4500003000400000005001700004008004100021020002500062050002200087100003200109245008600141260006500227300002100292440004000313500006400353650004500417650003500462650005600497650001900553650004600572650006000618650005000678650007100728650003400799650006200833856010600895856009101001856009201092OSt20140310182527.0071121s2007 enk b 001 0 eng c a9780521616249 (pbk.)00aK 642b.M398 20071 aMason, J. K.q(John Kenyon)14aThe troubled pregnancy :blegal wrongs and rights in reproduction /cJ. K. Mason. aCambridge :aNew York :bCambridge University Press,cc2007. a317 p. :c24 cm. 0aCambridge law, medicine, and ethics aIncludes bibliographical references (p. 303-311) and index. 0aHuman reproductionxLaw and legislation. 0aAbortionxLaw and legislation. 0aSterilization (Birth control)xLaw and legislation. 0aWrongful life. 0aNewborn infantsxLegal status, laws, etc. 0aHuman reproductionxLaw and legislationzGreat Britain. 0aAbortionxLaw and legislationzGreat Britain. 0aSterilization (Birth control)xLaw and legislationzGreat Britain. 0aWrongful lifezGreat Britain. 0aNewborn infantsxLegal status, laws, etc.zGreat Britain.423Contributor biographical informationuhttp://www.loc.gov/catdir/enhancements/fy0805/2007282164-b.html423Publisher descriptionuhttp://www.loc.gov/catdir/enhancements/fy0805/2007282164-d.html413Table of contents onlyuhttp://www.loc.gov/catdir/enhancements/fy0805/2007282164-t.html